Machado de assis em miniatura : (Registro nro. 35099)
[ vista simple ]
| 000 -CABECERA | |
|---|---|
| campo de control de longitud fija | 00587nam a2200169 a 4500 |
| 001 - NÚMERO DE CONTROL | |
| campo de control | 000035608 |
| 005 - FECHA Y HORA DE LA ÚLTIMA TRANSACCIÓN | |
| campo de control | 20200930074453.0 |
| 008 - DATOS DE LONGITUD FIJA--INFORMACIÓN GENERAL | |
| campo de control de longitud fija | 111105s2008 bl a 000 0 spa d |
| 020 ## - NÚMERO INTERNACIONAL ESTÁNDAR DEL LIBRO | |
| Número Internacional Estándar del Libro | 9788599508060 |
| 040 ## - FUENTE DE LA CATALOGACIÓN | |
| Centro catalogador/agencia de origen | DO-SdBNP |
| Lengua de catalogación | spa |
| Centro/agencia transcriptor | BNPHU |
| 082 ## - NÚMERO DE LA CLASIFICACIÓN DECIMAL DEWEY | |
| Número de clasificación | xxx |
| Número de documento/Ítem | A848m, 2008 |
| 100 1# - ENTRADA PRINCIPAL--NOMBRE DE PERSONA | |
| Nombre de persona | Barbosa, Francisco de Assis, |
| Fechas asociadas al nombre | 1914- |
| 9 (RLIN) | 61512 |
| 245 10 - MENCIÓN DE TÍTULO | |
| Título | Machado de assis em miniatura : |
| Resto del título | um perfil biográfico / |
| Mención de responsabilidad, etc. | Francisco de Assis Barbosa. |
| 250 ## - MENCIÓN DE EDICIÓN | |
| Mención de edición | 2a. ed. |
| 260 ## - PUBLICACIÓN, DISTRIBUCIÓN, ETC. | |
| Lugar de publicación, distribución, etc. | Brasília, DF : |
| Nombre del editor, distribuidor, etc. | Ministério da Cultura, Fundação Biblioteca Nacional |
| -- | Batel, |
| Fecha de publicación, distribución, etc. | 2008. |
| 300 ## - DESCRIPCIÓN FÍSICA | |
| Extensión | 110 p. : |
| Otras características físicas | il. ; |
| Dimensiones | 21 cm. |
| Estado de retiro | Estado de pérdida | Restricciones de uso | No para préstamo | Código de colección | Localización permanente | Ubicación/localización actual | Ubicación en estantería | Fecha de adquisición | Número de inventario | Total de préstamos | Signatura topográfica completa | Código de barras | Fecha visto por última vez | Precio válido a partir de | Tipo de ítem Koha |
|---|---|---|---|---|---|---|---|---|---|---|---|---|---|---|---|
| Monografías: Libros y Folletos | General | General | Orden iniciada | 05.11.2011 | LF1 | xxx A848m, 2008 | 35608-10 | 25.06.2020 | 25.06.2020 | No se presta |
